00682 a2200157 45000010006000000050017000060080041000230030015000640400040000790800109001192450024002282640039002523000019002915050188003101000026004985436620260407155816.0260407a1970 arg spa dAR-UNSa-BCEJYS aAR-UNSa-BCEJYSbspacAR-UNSa-BCEJYS a339.9xEconomía internacional en general. Relaciones económicas internacionales. Economía mundial 10aLa nueva economía 1aBarcelona :bEdiciones Arielc1970 a410 p.c19 cm. a1. Sobre el método de análisis teórico de la economía soviética – 2. La ley de la acumulación socialista originaria – 3. La ley del valor de la economía soviética.1 aPreobrazhenski, Eugen